Online
Catalog

Las inversiones troyanas y el Fondo Monetario Internacional : (Record no. 2716)

MARC details
000 -CABECERA
campo de control de longitud fija 00659nam a2200193 u 4500
001 - NÚMERO DE CONTROL
campo de control 000002882
005 - FECHA Y HORA DE LA ÚLTIMA TRANSACCIÓN
campo de control 20250925082330.0
008 - DATOS DE LONGITUD FIJA--INFORMACIÓN GENERAL
campo de control de longitud fija 090704s1988 dr r 001 0 spa d
040 ## - FUENTE DE LA CATALOGACIÓN
Centro catalogador/agencia de origen DO-SdBNP
Lengua de catalogación spa
Centro/agencia transcriptor BNPHU
082 ## - NÚMERO DE LA CLASIFICACIÓN DECIMAL DEWEY
Número de clasificación 336.3435
Número de documento/Ítem M366i
100 1# - ENTRADA PRINCIPAL--NOMBRE DE PERSONA
Nombre de persona Martínez Pérez, Ricardo
Fechas asociadas al nombre 1929 -
9 (RLIN) 9158
245 14 - MENCIÓN DE TÍTULO
Título Las inversiones troyanas y el Fondo Monetario Internacional :
Resto del título ensayo /
Mención de responsabilidad, etc. Ricardo Martínez Pérez.
260 ## - PUBLICACIÓN, DISTRIBUCIÓN, ETC.
Lugar de publicación, distribución, etc. Santo Domingo :
Nombre del editor, distribuidor, etc. Taller,
Fecha de publicación, distribución, etc. 1988.
300 ## - DESCRIPCIÓN FÍSICA
Extensión 57p ;
Dimensiones 18cm.
500 ## - NOTA GENERAL
Nota general Contiene índice
650 #4 - PUNTO DE ACCESO ADICIONAL DE MATERIA--TÉRMINO DE MATERIA
Término de materia o nombre geográfico como elemento de entrada Politica monetaria
Subdivisión geográfica América Latina
9 (RLIN) 2904
650 #0 - PUNTO DE ACCESO ADICIONAL DE MATERIA--TÉRMINO DE MATERIA
Término de materia o nombre geográfico como elemento de entrada Crisis económica
9 (RLIN) 9159
650 #4 - PUNTO DE ACCESO ADICIONAL DE MATERIA--TÉRMINO DE MATERIA
Término de materia o nombre geográfico como elemento de entrada Deuda externa
Subdivisión geográfica América Latina
9 (RLIN) 9160
Holdings
Estado de retiro Estado de pérdida No para préstamo Código de colección Localización permanente Ubicación/localización actual Ubicación en estantería Fecha de adquisición Fuente de adquisición Número de inventario Total de préstamos Signatura topográfica completa Código de barras Fecha visto por última vez Precio válido a partir de Tipo de ítem Koha
    Excluido de préstamo Patrimonio Dominicano Patrimonio Dominicano Patrimonio Dominicano En catalogación 04.07.2009 028700 LF1   336.3435 M366i 2882-10 25.06.2020 25.06.2020 Libro y Folleto Colección Patrimonio Dominicano

Powered by Koha